FORMACION MATEMATICA DEL ECONOMISTA /

Kaydedildi:
Detaylı Bibliyografya
Yazar: Toranzos, Fausto I. (autor)
Materyal Türü: Kitap
Konular:
Etiketler: Etiketle
Etiket eklenmemiş, İlk siz ekleyin!

MARC

LEADER 00000nam^a2200000^a^4500
001 000232077
005 20250521000000.0
009 20260310104545.856
035 |a 053650 
037 |a Acervo Xavier Clavigero 
082 |a 330. 1543 TOR 
100 |a Toranzos, Fausto I.  |e (autor) 
245 1 0 |a FORMACION MATEMATICA DEL ECONOMISTA /  |c FAUSTO I. TORANZOS 
264 |a MEXICO :  |b FCE,  |c 1963 
300 |a 562p. 
336 |a texto  |b txt  |2 rdacontenido 
337 |a sin mediación  |b n  |2 rdamedio 
338 |a volumen  |b nc  |2 rdasoporte 
649 |a XX 
650 |a Economía Matemática 
910 |a Fondo General 
920 |a Impresos - Libros 
930 |a Colección General 
905 |a 101 
901 |a 053650  |b IT1  |c ACC  |i 053650  |u 20250521 
902 |a https://opac.biblio.iteso.mx/vufind/Record/000232077